<?xml version="1.0" encoding="UTF-8"?>
<record
    xmlns:xsi="http://www.w3.org/2001/XMLSchema-instance"
    xsi:schemaLocation="http://www.loc.gov/MARC21/slim http://www.loc.gov/standards/marcxml/schema/MARC21slim.xsd"
    xmlns="http://www.loc.gov/MARC21/slim">

  <leader>01182cam a22003372  4500</leader>
  <datafield tag="999" ind1=" " ind2=" ">
    <subfield code="c">18336</subfield>
    <subfield code="d">18336</subfield>
  </datafield>
  <controlfield tag="001">0000019493</controlfield>
  <controlfield tag="003">OSt</controlfield>
  <controlfield tag="005">20200723095118.0</controlfield>
  <controlfield tag="008">101221s         xx           000 0 eng d</controlfield>
  <datafield tag="020" ind1=" " ind2=" ">
    <subfield code="a">0414033580</subfield>
  </datafield>
  <datafield tag="040" ind1=" " ind2=" ">
    <subfield code="a">KABU</subfield>
    <subfield code="c">KABU</subfield>
  </datafield>
  <datafield tag="050" ind1=" " ind2=" ">
    <subfield code="a">KD1500</subfield>
    <subfield code="b">.K47 2016 c.1</subfield>
  </datafield>
  <datafield tag="100" ind1="1" ind2=" ">
    <subfield code="a">Kerridge, Roger.</subfield>
  </datafield>
  <datafield tag="245" ind1="1" ind2="0">
    <subfield code="a">Parry &amp; Kerridge the law of succession /</subfield>
    <subfield code="c">Roger Kerridge assisted by A. H. R. Brierley.</subfield>
  </datafield>
  <datafield tag="250" ind1=" " ind2=" ">
    <subfield code="a">13th  ed.</subfield>
  </datafield>
  <datafield tag="260" ind1=" " ind2=" ">
    <subfield code="a">London :</subfield>
    <subfield code="b">Sweet and Maxwell,</subfield>
    <subfield code="c">2016</subfield>
  </datafield>
  <datafield tag="300" ind1=" " ind2=" ">
    <subfield code="a">lxxvii, 666p.</subfield>
  </datafield>
  <datafield tag="650" ind1=" " ind2="0">
    <subfield code="a">Inheritance and succession</subfield>
    <subfield code="z">Great Britain.</subfield>
  </datafield>
  <datafield tag="700" ind1="1" ind2=" ">
    <subfield code="a">Brierley,  A. H. R.</subfield>
  </datafield>
  <datafield tag="908" ind1=" " ind2=" ">
    <subfield code="a">101221</subfield>
  </datafield>
  <datafield tag="942" ind1=" " ind2=" ">
    <subfield code="2">lcc</subfield>
    <subfield code="c">BK</subfield>
  </datafield>
  <datafield tag="952" ind1=" " ind2=" ">
    <subfield code="0">0</subfield>
    <subfield code="1">0</subfield>
    <subfield code="2">lcc</subfield>
    <subfield code="7">0</subfield>
    <subfield code="a">KABU</subfield>
    <subfield code="b">KABU</subfield>
    <subfield code="d">2020-07-23</subfield>
    <subfield code="l">4</subfield>
    <subfield code="m">1</subfield>
    <subfield code="o">KD1500 .K47 2016 c.1</subfield>
    <subfield code="p">030035</subfield>
    <subfield code="r">2021-10-06 00:00:00</subfield>
    <subfield code="s">2021-09-28</subfield>
    <subfield code="w">2020-07-23</subfield>
    <subfield code="y">BK</subfield>
  </datafield>
  <datafield tag="952" ind1=" " ind2=" ">
    <subfield code="0">0</subfield>
    <subfield code="1">0</subfield>
    <subfield code="2">lcc</subfield>
    <subfield code="7">0</subfield>
    <subfield code="a">KABU</subfield>
    <subfield code="b">KABU</subfield>
    <subfield code="d">2020-07-23</subfield>
    <subfield code="l">2</subfield>
    <subfield code="o">KD1500 .K47 2016 c.2</subfield>
    <subfield code="p">030036</subfield>
    <subfield code="r">2025-04-02 16:43:19</subfield>
    <subfield code="s">2025-03-13</subfield>
    <subfield code="w">2020-07-23</subfield>
    <subfield code="y">BK</subfield>
  </datafield>
  <datafield tag="952" ind1=" " ind2=" ">
    <subfield code="0">0</subfield>
    <subfield code="1">0</subfield>
    <subfield code="2">lcc</subfield>
    <subfield code="7">0</subfield>
    <subfield code="a">KABU</subfield>
    <subfield code="b">KABU</subfield>
    <subfield code="d">2020-07-23</subfield>
    <subfield code="l">0</subfield>
    <subfield code="o">KD1500 .K47 2016 c.3</subfield>
    <subfield code="p">030037</subfield>
    <subfield code="r">2020-07-23 00:00:00</subfield>
    <subfield code="w">2020-07-23</subfield>
    <subfield code="y">BK</subfield>
  </datafield>
</record>
